书目信息 |
| 题名: |
智商情商手拉手
|
|
| 作者: | 曾国平 著 | |
| 分册: | ||
| 出版信息: | 北京 中国民主法制出版社 2007 |
|
| 页数: | 186页 | |
| 开本: | 24cm | |
| 丛书名: | CCTV-10百家讲坛 | |
| 单 册: | ||
| 中图分类: | B842.6 , B841.7 | |
| 科图分类: | ||
| 主题词: | 智商--通俗读物 , 情商--通俗读物 | |
| 电子资源: | ||
| ISBN: | 978-7-80219-228-7 | |
| 000 | 00840oam2 2200265 450 | |
| 001 | 012007043426 | |
| 005 | 20070801164852.10 | |
| 010 | @a978-7-80219-228-7@dCNY25.00@z7-80219-228-5 | |
| 100 | @a20070614d2007 em y0chiy0110 ea | |
| 101 | 0 | @achi |
| 102 | @aCN@b110000 | |
| 105 | @ay z 000yy | |
| 200 | 1 | @a智商情商手拉手@9zhi shang qing shang shou la shou@f曾国平著 |
| 210 | @a北京@c中国民主法制出版社@d2007 | |
| 215 | @a186页@d24cm | |
| 225 | 2 | @aCCTV-10百家讲坛 |
| 330 | @a本书分为三篇,通过“有智者事竟成”、“有情者事更成”、“智商情商相得益彰”这三篇内容介绍了智商和情商。 | |
| 461 | 0 | @12001 @aCCTV-10百家讲坛 |
| 606 | 0 | @a智商@j通俗读物 |
| 606 | 0 | @a情商@j通俗读物 |
| 690 | @aB842.6@v4 | |
| 690 | @aB841.7@v4 | |
| 701 | 0 | @a曾国平@9zeng guo ping@4著 |
| 801 | 0 | @aCN@bRENTIAN@c20070801 |
| 905 | @a10447@dB841.7@e902 | |
| 智商情商手拉手/曾国平著.-北京:中国民主法制出版社,2007 |
| 186页;24cm.-(CCTV-10百家讲坛) |
| ISBN 978-7-80219-228-7:CNY25.00 |
| 本书分为三篇,通过“有智者事竟成”、“有情者事更成”、“智商情商相得益彰”这三篇内容介绍了智商和情商。 |
| ● |
| 相关链接 |
|
|
|
|
正题名:智商情商手拉手
索取号:B841.7/902
 
预约/预借
| 序号 | 登录号 | 条形码 | 馆藏地/架位号 | 状态 | 备注 |
| 1 | 0800520 | 208005200 | 第一样本阅览室/ [索取号:B841.7/902] | 在馆 | |
| 2 | 0800521 | 208005219 | 教育系资料室/ [索取号:B841.7/902] | 在馆 | |
| 3 | 0800522 | 208005228 | 第一借阅区/ [索取号:B841.7/902] | 在馆 | |
| 4 | 0800523 | 208005237 | 第一借阅区/ [索取号:B841.7/902] | 在馆 | |
| 5 | 0800524 | 208005246 | 第一借阅区/ [索取号:B841.7/902] | 在馆 | |
| 6 | 0800525 | 208005255 | 第一借阅区/ [索取号:B841.7/902] | 在馆 | |
| 7 | 0800526 | 208005264 | 第一借阅区/ [索取号:B841.7/902] | 在馆 | |
| 8 | 0800527 | 208005273 | 教育系资料室/ [索取号:B841.7/902] | 在馆 | |
| 9 | 0800528 | 208005282 | 教育系资料室/ [索取号:B841.7/902] | 在馆 | |
| 10 | 0800529 | 208005291 | 第一借阅区/ [索取号:B841.7/902] | 在馆 |